[Event "Belp op"]
[Site "Belp"]
[Date "2015.05.24"]
[Round "3"]
[White "Fecker, Noah"]
[Black "Fleury, Joel"]
[Result "1-0"]
[WhiteElo "1844"]
[BlackElo "1586"]
[PlyCount "49"]
[EventDate "2015.05.23"]
[EventType "swiss"]
[EventRounds "5"]
[EventCountry "SUI"]
[SourceTitle "EXT 2016"]
[Source "ChessBase"]
[SourceDate "2015.10.08"]
[SourceVersion "1"]
[SourceVersionDate "2015.10.08"]
[SourceQuality "1"]

1. e4 c5 2. Nf3 d6 3. d4 cxd4 4. Nxd4 Nf6 5. Nc3 a6 6. Be3 e6 7. f3 Be7 8. Qd2 0-0 9. 0-0-0 b5 10. g4 b4 11. Nce2 a5 12. g5 Ne8 13. h4 Bb7 14. h5 d5 15. e5 Nd7 16. f4 a4 17. Kb1 Nb6 18. b3 axb3 19. cxb3 Ra5 20. Bh3 Qa8 21. g6 Bc8 22. Rdg1 Bd7 23. f5 exf5 24. Nxf5 Nc8 25. Nxe7+ 1-0